000 00389nam a22001457a 4500
003 SGT
082 _a618.92
_bR21A
100 _aAGGARWAL, SHAINA
245 _aROLE OF VITAMIN B12 & FOLIC ACID DEFICIENCY AS RISK FACTORS IN PEDIATRIC PATIENTS OF FEBRILE SEIZURES
260 _aGURUGRAM
_bSGT UNIVERSITY
_c2021
300 _a126
650 _aPEDIATRICS
653 _aM.D
942 _2ddc
_cTH
999 _c26560
_d26560